1601 1187 1550 1421 1608 1898 1480 1351 1809 1130 1216 1965 1367 1833 1828 1722 1627 1165 1976 1545 1564 1693 1837 1477 1852 1915 1257 1830 1363 1647 1436 1619 1277 1240 1370 1836 1228 1979 1572 1710 1063 1490 1503 1946 1982 1056 1960 1481 1460 1489 1506 1764 1852 1799 1197 1847 1132 1582 1657 1500 1119 1055 1232 1316 1257 1522 1129 1497 1028 1405 1804 1487 1589 1571 1597 1884 1628 1795 1475 1551 1916 1495 1359 1026 1289 1613 1684 1028 1169 1519 1671 1481 1340 1158 1387 1547 1783 1348 1035 BCNSPRNW ULIB Ver.6.0+V

เปลี่ยนเป็นภาษาไทย

Change to English
 แสดงรายละเอียดบรรณานุกรม
  กลับหน้าหลัก

Brief Record : Get Marc (ISO 2709) : E-mail record : QR code < ปิดหน้าต่าง
LEADER : 00000nam 2200000uu 4500
001    13399113803
003     ULIB
008    110627s||||||||th 000 0 tha d
020    9786167081571
090    นว.^bอ332ต มปป.
100 0  อรพรรณ
245 00 ตำนานรักบัลลังค์ไอยคุปต์/^cอรพรรณ
250    พิมพ์ครั้งที่ 1
260    กรุงเทพฯ :^bกรีนมายด์,^cมปป.
300    298 หน้า
710 1  กรีนมายด์
945    ^p229^l0^i028042
995    ทศพร
999 ^a ใช้งานได้ทุกระบบ
รายการนี้ยังไม่มีแท็ก
คุณยังไม่ได้ล็อกอิน คุณสามารถมีกิจกรรมร่วมกับเว็บไซต์ได้ แต่ต้องล็อกอินก่อน ::
  ล็อกอิน

รายการสื่อสารสนเทศ

ลำดับที่ ประเภท เลขเรียก/บาร์โค้ด สถานที่ สถานะ
1. นวนิยาย
นวนิยาย
นว. อ332ต มปป. ฉ.1 
  Barcode: 028042
ห้องสมุดวิทยาเขตสวรรค์ประชารักษ์
►นวนิยาย
บนชั้น
  ขอยืม

รายการใกล้เคียง
    ผู้แต่ง [อรพรรณ]

BibComment


ยังไม่เคยถูกคอมเมนท์

คอมเมนท์ทรัพยากรรายการนี้
  คอมเมนท์: ตำนานรักบัลลังค์ไ..


 Copyright 2026. Bcnsprnw @Library